000 01407cab a2200241 4500
001 L130926
008 050919n2005 000 0 eng u
035 _a(Sirsi) u130926
041 0 _aeng
100 1 _aCirell, Stephen
245 _aHow far does the arm stretch?
260 _c2005
490 _aMJ Focus
_v8 September 2005, 17(1)
520 _aDiscusses whether an Arm's Length Management Organisation (ALMO) can itself charge and trade. ALMOs may be able to engage in charging and trading-type activities dependent on their nature and scale such as the provision of training, consultancy services on housing management or the supply of temporary staff to other ALMOs. If an ALMO wanted to carry out full-scale commercial activity it would not be able to do it through the main ALMO company as it is a company limited by guarantee which is not a suitable vehicle for trading. ALMOs like local authorities themselves are concluding that setting up trading companies is not sufficiently beneficial and that they should rely on simpler charging activities to achieve income generation.
590 _aIKA270905
650 _aHOUSING ACT 1985 S27
650 _aLOCAL GOVERNMENT ACT 2003 S95
650 _aLOCAL GOVERNMENT ACT 2003 S93
650 _aLOCAL GOVERNMENT ACT 2000
690 _aPROPERTY-RESIDENTIAL PROPERTY-RESIDENTIAL PROPERTY MANAGEMENT
700 1 _aBennett, John
942 _n0
999 _c75888
_d75888